[Event "MrDodgy Invitational 3"]
[Site "chess24.com INT"]
[Date "2022.11.25"]
[Round "3.2"]
[White "Vincent Keymer"]
[Black "Alexander Grischuk"]
[Result "1/2-1/2"]
[EventDate "2022.11.25"]
[WhiteElo "2698"]
[BlackElo "2745"]
[PlyCount "102"]

1. Nf3 Nf6 2. c4 e6 3. Nc3 d5 4. e3 c5 5. cxd5 exd5 6. Bb5+ Nc6 7. Ne5 Qc7 8. Qa4 Bd7 9. Nxd7 Qxd7 10. Bxc6 bxc6 11. b3 Bd6 12. Ba3 O-O 13. O-O Rfe8 14. Rac1 Ng4 15. f4 Rad8 16. Nd1 d4 17. Bxc5 Bxc5 18. Rxc5 dxe3 19. Nxe3 Nxe3 20. dxe3 Qd2 21. Qxc6 Qxe3+ 22. Kh1 Qxf4 23. Rcc1 Qe5 24. Qc7 Qe7 25. h3 h6 26. Qxe7 Rxe7 27. Rf2 Rd5 28. Rc4 a5 29. Rfc2 g5 30. Rc5 Ree5 31. Rxd5 Rxd5 32. Rc4 Kg7 33. Ra4 h5 34. b4 axb4 35. Rxb4 Rd2 36. a4 Ra2 37. h4 gxh4 38. Rxh4 Kg6 39. Rb4 Kg5 40. Kh2 f5 41. Kg3 h4+ 42. Kh3 Ra3+ 43. Kh2 Ra2 44. Kh3 Ra3+ 45. Kh2 f4 46. Rb8 Rxa4 47. Rg8+ Kh5 48. Rh8+ Kg4 49. Rg8+ Kh5 50. Rh8+ Kg4 51. Rg8+ Kh5 1/2-1/2

[Event "MrDodgy Invitational 3"]
[Site "chess24.com INT"]
[Date "2022.11.25"]
[Round "5.1"]
[White "Vincent Keymer"]
[Black "Eric Rosen"]
[Result "1-0"]
[EventDate "2022.11.25"]
[WhiteElo "2698"]
[BlackElo "2356"]
[PlyCount "110"]

1. Nf3 d5 2. e3 Nf6 3. c4 e6 4. Nc3 Bd6 5. b3 O-O 6. Bb2 Re8 7. Nb5 Be7 8. Be5 Na6 9. Be2 c6 10. Nc3 Ne4 11. Qc2 f6 12. Bg3 Nb4 13. Qb1 f5 14. a3 Na6 15. Be5 Bf6 16. Qb2 Nac5 17. O-O Nd7 18. Bxf6 Qxf6 19. Rac1 b6 20. d3 Nxc3 21. Qxc3 Bb7 22. cxd5 exd5 23. Qxf6 Nxf6 24. Nd4 f4 25. Nf5 Rad8 26. b4 fxe3 27. fxe3 Re5 28. Rf3 d4 29. e4 c5 30. Bd1 Nxe4 31. Bb3+ Kh8 32. dxe4 Bxe4 33. Nd6 Bxf3 34. Nf7+ Kg8 35. Nxd8+ Bd5 36. Nc6 Bxb3 37. Nxe5 cxb4 38. axb4 h5 39. Rc8+ Kh7 40. Rd8 a5 41. bxa5 bxa5 42. Rxd4 a4 43. Rd3 g5 44. Rd7+ Kh6 45. Rd6+ Kg7 46. Ra6 Kh7 47. h3 h4 48. Kf2 Kg7 49. Nf3 Kh7 50. Nxg5+ Kg7 51. Nf3 Kh8 52. Nxh4 Kg7 53. Nf5+ Kh7 54. g4 Bc4 55. Rxa4 1-0

[Event "MrDodgy Invitational 3"]
[Site "chess24.com INT"]
[Date "2022.11.25"]
[Round "6.8"]
[White "Vincent Keymer"]
[Black "Van Foreest, Jorden"]
[Result "1/2-1/2"]
[EventDate "2022.11.25"]
[WhiteElo "2698"]
[BlackElo "2690"]
[PlyCount "134"]

1. Nf3 Nf6 2. c4 g6 3. Nc3 Bg7 4. g3 c6 5. e4 d6 6. d4 Bg4 7. Bg2 O-O 8. h3 Bxf3 9. Bxf3 e5 10. d5 c5 11. g4 h6 12. g5 Nh7 13. h4 h5 14. Be3 Nd7 15. Kd2 f6 16. gxf6 Rxf6 17. Bg2 Qf8 18. Bh3 Bh6 19. Kd3 Bxe3 20. fxe3 Qe7 21. Qb3 Ndf8 22. Raf1 Rxf1 23. Rxf1 Rb8 24. Be6+ Nxe6 25. dxe6 Qxe6 26. Nd5 Qh3 27. Rg1 Kh8 28. Qd1 Qe6 29. Qa4 a6 30. Qa5 Rg8 31. Qc7 b5 32. Qe7 bxc4+ 33. Kc3 Qxe7 34. Nxe7 Rg7 35. Nxg6+ Kg8 36. Ne7+ Kf7 37. Rxg7+ Kxg7 38. Nf5+ Kf6 39. Kxc4 Ke6 40. Ng7+ Kf7 41. Nxh5 Kg6 42. Ng3 Nf6 43. h5+ Kg5 44. b3 Kg4 45. Nf5 Nxh5 46. Nxd6 Kf3 47. Kxc5 Kxe3 48. Kb6 Nf6 49. Kxa6 Nxe4 50. Nxe4 Kxe4 51. b4 Kd5 52. b5 e4 53. b6 e3 54. b7 e2 55. b8=Q e1=Q 56. Qd8+ Kc6 57. Qc8+ Kd6 58. a4 Qe2+ 59. Kb7 Qe4+ 60. Kb6 Qb4+ 61. Ka7 Qd4+ 62. Kb8 Qb4+ 63. Qb7 Qxa4 64. Qb6+ Kd5 65. Qb7+ Kd4 66. Qa7+ Qxa7+ 67. Kxa7 1/2-1/2

[Event "MrDodgy Invitational 3"]
[Site "chess24.com INT"]
[Date "2022.11.25"]
[Round "7.2"]
[White "Magnus Carlsen"]
[Black "Vincent Keymer"]
[Result "1-0"]
[EventDate "2022.11.25"]
[WhiteElo "2859"]
[BlackElo "2698"]
[PlyCount "118"]

1. e4 c6 2. b3 d5 3. Bb2 dxe4 4. g4 h5 5. g5 Bg4 6. Be2 Bxe2 7. Qxe2 e6 8. h4 Nd7 9. Nc3 Nc5 10. O-O-O Ne7 11. f3 exf3 12. Nxf3 Nd7 13. Ne4 Qc7 14. Rhf1 Ng6 15. Qe3 Qa5 16. a4 O-O-O 17. Bc3 Qb6 18. Bd4 Qc7 19. Kb2 c5 20. Bc3 Nb6 21. a5 Nd5 22. Qe2 a6 23. Qc4 Nxc3 24. Qxc3 Rg8 25. Ra1 Nf4 26. Ne5 Nd5 27. Rxf7 Nxc3 28. Rxc7+ Kxc7 29. Kxc3 Rd5 30. Ng6 Bd6 31. Re1 Re8 32. Kc4 Kc6 33. c3 Bc7 34. b4 cxb4 35. cxb4 Bd6 36. d4 Kd7 37. Nc5+ Bxc5 38. bxc5 Rd8 39. Nf4 Re8 40. Rb1 Rf5 41. Ng6 Kc7 42. Rb6 e5 43. Nxe5 Rf4 44. Kd5 Rd8+ 45. Rd6 Rxh4 46. Ke6 Rxd4 47. Rb6 Re8+ 48. Kf5 Rd5 49. Kg6 Rexe5 50. Kh7 Rxg5 51. Re6 Rxc5 52. Re7+ Kc6 53. Re6+ Kb5 54. Rg6 Ka4 55. Rxg5 Ka3 56. Rxc5 Ka2 57. Rc7 Ka1 58. Rxb7 Ka2 59. Rb6 1-0

[Event "MrDodgy Invitational 3"]
[Site "chess24.com INT"]
[Date "2022.11.25"]
[Round "8.7"]
[White "Vincent Keymer"]
[Black "Alan Pichot"]
[Result "1-0"]
[EventDate "2022.11.25"]
[WhiteElo "2698"]
[BlackElo "2637"]
[PlyCount "108"]

1. Nf3 Nf6 2. c4 e6 3. Nc3 d5 4. e3 a6 5. b3 Bd6 6. Bb2 b6 7. cxd5 exd5 8. g3 O-O 9. Bg2 Bb7 10. O-O Nbd7 11. Rc1 c5 12. d4 Rc8 13. Re1 Re8 14. Re2 c4 15. a4 Rc7 16. Nd2 Qc8 17. bxc4 dxc4 18. e4 Bb4 19. Re1 Qa8 20. Qc2 Nf8 21. d5 Ng6 22. Nf3 Rce7 23. h3 Nd7 24. Red1 Nde5 25. Nxe5 Nxe5 26. Na2 Bc5 27. Bxe5 Rxe5 28. Qxc4 a5 29. Nc3 Qd8 30. Rc2 h5 31. h4 g5 32. hxg5 Qxg5 33. Ne2 h4 34. Qb3 Qh6 35. Rxc5 bxc5 36. Qxb7 h3 37. Bf3 f5 38. d6 fxe4 39. d7 Rd8 40. Bxe4 Qe6 41. Nf4 Qg4 42. Bf3 Qf5 43. Qc7 Qf6 44. Kh2 Rf5 45. Rd6 Qe7 46. Bg4 Rf6 47. Rxf6 Qxf6 48. Qxc5 Kf7 49. Qd5+ Ke7 50. Qe4+ Kd6 51. Qd3+ Kc6 52. Bf3+ Kc5 53. Qb5+ Kd4 54. Qb2+ 1-0

[Event "MrDodgy Invitational 3"]
[Site "chess24.com INT"]
[Date "2022.11.25"]
[Round "9.3"]
[White "Gawain C B Jones"]
[Black "Vincent Keymer"]
[Result "1-0"]
[EventDate "2022.11.25"]
[WhiteElo "2623"]
[BlackElo "2698"]
[PlyCount "96"]

1. e4 c6 2. Nf3 d5 3. d3 dxe4 4. dxe4 Qxd1+ 5. Kxd1 Nd7 6. Nbd2 Nc5 7. Ne5 Nf6 8. f3 Nfd7 9. Nd3 e5 10. Nc4 f6 11. Be3 Na4 12. b3 Nab6 13. Na5 Kd8 14. a4 Kc7 15. c3 Be7 16. Kc2 Rd8 17. Be2 Nf8 18. Nb2 Ne6 19. Rhd1 Bd7 20. b4 Nc8 21. Nb3 Nd6 22. a5 f5 23. Nc4 fxe4 24. fxe4 Nf4 25. Nxd6 Bxd6 26. Bc4 Nxg2 27. Bg5 Rf8 28. Rd2 h6 29. Bxh6 gxh6 30. Rxg2 Be7 31. Rd1 Rad8 32. Rg7 Bd6 33. Be6 Rf6 34. Bf5 Kc8 35. Rxd7 Rxd7 36. Nc5 Rxf5 37. exf5 Bxc5 38. Rxd7 Kxd7 39. bxc5 Ke7 40. Kd3 h5 41. Ke4 Kf6 42. h4 a6 43. c4 Kf7 44. Kxe5 Ke7 45. f6+ Kf7 46. Kf5 Kf8 47. Kg6 Kg8 48. f7+ 1-0

[Event "MrDodgy Invitational 3"]
[Site "chess24.com INT"]
[Date "2022.11.25"]
[Round "10.6"]
[White "Vincent Keymer"]
[Black "Luis Paulo Supi"]
[Result "1/2-1/2"]
[EventDate "2022.11.25"]
[WhiteElo "2698"]
[BlackElo "2612"]
[PlyCount "122"]

1. Nf3 Nf6 2. c4 g6 3. Nc3 Bg7 4. g3 O-O 5. Bg2 d6 6. d4 c6 7. e4 Be6 8. Qe2 Bg4 9. h3 Bxf3 10. Bxf3 Nfd7 11. Be3 c5 12. d5 Qa5 13. Bd2 b5 14. Nxb5 Qb6 15. Rb1 Na6 16. O-O Nb4 17. a3 Nc2 18. Rfc1 Nd4 19. Nxd4 cxd4 20. Bg2 Qb3 21. Qd1 Rab8 22. Bb4 Qxd1+ 23. Rxd1 a5 24. Bxa5 Rb3 25. Bb4 Rb8 26. Bf1 Ne5 27. Kg2 d3 28. f4 Nxc4 29. Rxd3 Rxb2+ 30. Rxb2 Bxb2 31. Rf3 Rc8 32. Rb3 Bd4 33. a4 Ne3+ 34. Rxe3 Bxe3 35. Bb5 Rc1 36. Kf3 Bc5 37. Bxc5 Rxc5 38. h4 h5 39. Bd3 Rc3 40. Ke2 Ra3 41. Bb5 Kf8 42. Kf2 Kg7 43. Bd7 Kf6 44. Bc6 Rc3 45. Bb5 Ra3 46. Bc6 e6 47. Kg2 Ke7 48. Kf2 Kf6 49. dxe6 fxe6 50. Bb5 d5 51. e5+ Kf7 52. Kg2 d4 53. Kf2 Ke7 54. Kg2 Kd8 55. Kf2 Kc7 56. Be8 Kb6 57. Bxg6 Ra2+ 58. Kf3 Ra3+ 59. Kf2 Ra2+ 60. Kf3 Ra3+ 61. Kf2 1/2-1/2

[Event "MrDodgy Invitational 3"]
[Site "chess24.com INT"]
[Date "2022.11.25"]
[Round "11.4"]
[White "Baskaran Adhiban"]
[Black "Vincent Keymer"]
[Result "0-1"]
[EventDate "2022.11.25"]
[WhiteElo "2603"]
[BlackElo "2698"]
[PlyCount "152"]

1. e4 c6 2. Nf3 d5 3. Nc3 dxe4 4. Ng5 Nf6 5. Bc4 e6 6. Ngxe4 Nbd7 7. d4 b5 8. Bb3 a5 9. a3 Bb7 10. O-O Be7 11. Bf4 O-O 12. Re1 b4 13. axb4 axb4 14. Nxf6+ Nxf6 15. Na4 Nd7 16. Qg4 Re8 17. Rad1 Bf8 18. Nc5 Bc8 19. Qg3 Nf6 20. Bc7 Qe7 21. Be5 Kh8 22. Rd3 Nd5 23. Ne4 f6 24. Bd6 Qf7 25. Bxf8 Qxf8 26. h4 e5 27. Nc5 Bf5 28. Rf3 exd4 29. Rxe8 Rxe8 30. Rxf5 Qxc5 31. Qc7 Qf8 32. Bxd5 cxd5 33. Rxd5 b3 34. cxb3 Qb4 35. Qd7 Qe1+ 36. Kh2 Rg8 37. Qf5 Qd2 38. h5 h6 39. g3 Qxb2 40. Qf4 Qxb3 41. Qxd4 Qf3 42. Rc5 Re8 43. Qf4 Qxf4 44. gxf4 Kg8 45. Kg3 Kf7 46. Rc7+ Re7 47. Rxe7+ Kxe7 48. Kf3 Ke6 49. Ke4 f5+ 50. Kf3 Kd5 51. Ke3 Kc4 52. f3 Kc3 53. Ke2 Kc2 54. Ke3 Kd1 55. Kd4 Ke2 56. Ke5 Kxf3 57. Kxf5 Kg3 58. Kg6 Kxf4 59. Kxg7 Kg5 60. Kf7 Kxh5 61. Kf6 Kg4 62. Kg6 h5 63. Kf6 h4 64. Ke5 h3 65. Ke4 h2 66. Ke3 h1=Q 67. Kf2 Qh3 68. Ke2 Qf3+ 69. Kd2 Kf4 70. Ke1 Ke4 71. Kd2 Kd4 72. Kc2 Qe2+ 73. Kb3 Qc4+ 74. Kb2 Kd3 75. Kb1 Qb3+ 76. Kc1 Qc2# 0-1

[Event "MrDodgy Invitational 3"]
[Site "chess24.com INT"]
[Date "2022.11.25"]
[Round "12.5"]
[White "Vincent Keymer"]
[Black "Salgado Lopez, Ivan"]
[Result "1-0"]
[EventDate "2022.11.25"]
[WhiteElo "2698"]
[BlackElo "2591"]
[PlyCount "58"]

1. Nf3 b6 2. d4 Bb7 3. c4 e6 4. g3 Nf6 5. Bg2 Be7 6. O-O O-O 7. Nc3 Ne4 8. Bd2 Nxd2 9. Qxd2 d6 10. e4 Nd7 11. Rad1 a6 12. Qf4 Rb8 13. e5 dxe5 14. dxe5 Qe8 15. Ne4 Rd8 16. h4 Bxe4 17. Qxe4 Nc5 18. Qe2 Rxd1 19. Rxd1 Qa4 20. b3 Qa3 21. Nd4 Rd8 22. Nc6 Rxd1+ 23. Qxd1 Kf8 24. Qc2 g6 25. Qd2 Ke8 26. Kh2 Nd7 27. b4 h5 28. Be4 Bf8 29. Qg5 1-0

[Event "MrDodgy Invitational 3"]
[Site "chess24.com INT"]
[Date "2022.11.25"]
[Round "13.5"]
[White "Baadur Jobava"]
[Black "Vincent Keymer"]
[Result "1-0"]
[EventDate "2022.11.25"]
[WhiteElo "2578"]
[BlackElo "2698"]
[PlyCount "106"]

1. d4 Nf6 2. c4 e6 3. Nc3 Bb4 4. e3 c5 5. Bd3 Nc6 6. Nf3 Bxc3+ 7. bxc3 d6 8. O-O e5 9. Nd2 O-O 10. Rb1 h6 11. d5 Ne7 12. e4 b6 13. Rb2 Nh7 14. Re1 f5 15. exf5 Bxf5 16. Ne4 Nf6 17. Ng3 Bxd3 18. Qxd3 Qe8 19. f4 Nd7 20. f5 Nf6 21. h3 Rb8 22. Kh2 a6 23. Rf2 b5 24. Ne4 Qd7 25. g4 bxc4 26. Qxc4 Kh8 27. Nxf6 Rxf6 28. Qe4 Rff8 29. c4 Ng8 30. g5 Qf7 31. Qh4 Rb1 32. gxh6 g6 33. Rg1 Ne7 34. f6 Nf5 35. Rxf5 Rxc1 36. Rff1 Rc2+ 37. Rg2 Rxg2+ 38. Kxg2 Rb8 39. Rf2 Kh7 40. Qg4 Rf8 41. Qe6 g5 42. Qxd6 Re8 43. Qxc5 e4 44. Qe3 Kxh6 45. Rf5 Qg6 46. f7 Rf8 47. Qxe4 Rxf7 48. Re5 Qxe4+ 49. Rxe4 Kg6 50. c5 Rb7 51. Re2 Kf6 52. c6 Rb5 53. Rc2 1-0

[Event "MrDodgy Invitational 3"]
[Site "chess24.com INT"]
[Date "2022.11.25"]
[Round "14.4"]
[White "Vincent Keymer"]
[Black "Rauf Mamedov"]
[Result "1/2-1/2"]
[EventDate "2022.11.25"]
[WhiteElo "2698"]
[BlackElo "2646"]
[PlyCount "56"]

1. Nf3 Nf6 2. c4 g6 3. g3 Bg7 4. Bg2 c6 5. b3 Ne4 6. d4 d5 7. O-O O-O 8. Bb2 a5 9. Nc3 Bf5 10. e3 Nxc3 11. Bxc3 Be4 12. Bh3 Bxf3 13. Qxf3 e6 14. Rfd1 b5 15. Bf1 b4 16. Be1 Nd7 17. a3 Qb6 18. Qe2 Rfb8 19. axb4 axb4 20. Rxa8 Rxa8 21. c5 Qb7 22. Qd2 Rb8 23. Bh3 h5 24. Rc1 Nf6 25. Bg2 Nd7 26. Bh3 Nf6 27. Bg2 Nd7 28. Bh3 1/2-1/2

[Event "MrDodgy Invitational 3"]
[Site "chess24.com INT"]
[Date "2022.11.25"]
[Round "15.6"]
[White "Ten Hertog, Hugo"]
[Black "Vincent Keymer"]
[Result "0-1"]
[EventDate "2022.11.25"]
[WhiteElo "2528"]
[BlackElo "2698"]
[PlyCount "74"]

1. g3 d5 2. Bg2 c6 3. d3 e5 4. e4 Nf6 5. Nc3 Bb4 6. Bd2 O-O 7. a3 Ba5 8. Nge2 d4 9. Nb1 c5 10. b4 Bb6 11. O-O Nc6 12. h3 a6 13. Kh2 h5 14. f4 h4 15. f5 Nh7 16. gxh4 Qxh4 17. Be1 Qe7 18. Nd2 Bd8 19. Nf3 cxb4 20. axb4 Nxb4 21. Rg1 Bd7 22. Qb1 Nc6 23. Qc1 Rc8 24. Ng3 Nb4 25. Bxb4 Qxb4 26. Nh5 Kh8 27. c4 dxc3 28. Nxg7 Kxg7 29. Bh1+ Kh8 30. Qh6 Bf6 31. Rab1 Qc5 32. Rg2 Rg8 33. Rbg1 Rxg2+ 34. Rxg2 Rg8 35. Rg6 c2 36. Rxf6 Qf2+ 37. Bg2 Qxg2# 0-1

[Event "Salamanca Masters 5th"]
[Site "Salamanca ESP"]
[Date "2022.10.29"]
[Round "6"]
[White "Alexandra Kosteniuk"]
[Black "Vincent Keymer"]
[Result "1-0"]
[EventDate "2022.10.26"]
[WhiteElo "2521"]
[BlackElo "2700"]
[Source "EXT 2024;ChessBase;2023.10.10;1;2023.10.10;1"]
[PlyCount "130"]

1. e4 c5 2. c3 Nf6 3. e5 Nd5 4. Bc4 Nb6 5. Bb3 d6 6. exd6 c4 7. Bxc4 Nxc4 8. Qa4+ Nc6 9. Qxc4 e5 10. Nf3 Bxd6 11. O-O O-O 12. d3 Bf5 13. Nbd2 Rc8 14. Qd5 Bc7 15. Qxd8 Rfxd8 16. Ne1 Bxd3 17. Nxd3 Rxd3 18. Nb3 f5 19. Re1 Kf7 20. Kf1 Rcd8 21. Bg5 R8d6 22. Nc5 R3d5 23. Nxb7 Rg6 24. Rad1 Rxd1 25. Rxd1 Ke8 26. Be3 e4 27. g3 Re6 28. Nc5 Re7 29. Rd5 g6 30. b4 Ne5 31. Bg5 Rf7 32. h4 Nc4 33. Ke2 Bb6 34. a4 Rc7 35. Rd8+ Kf7 36. Rd7+ Rxd7 37. Nxd7 Bc7 38. a5 Ke6 39. Nf8+ Kd5 40. Nxh7 Be5 41. Bf6 Bd6 42. Bd4 a6 43. Nf6+ Ke6 44. h5 Be7 45. Ne8 gxh5 46. Ng7+ Kd5 47. Nxf5 Bg5 48. b5 axb5 49. a6 Kc6 50. Ng7 h4 51. gxh4 Bxh4 52. Ne6 Nb6 53. Ke3 Na8 54. Kxe4 Kd6 55. Ng7 Bd8 56. f4 Ba5 57. f5 Ke7 58. Ne6 Kd6 59. Be5+ Kd7 60. Kd5 b4 61. Nc5+ Ke8 62. Nb3 Nb6+ 63. Kc6 Nc4 64. a7 Nxe5+ 65. Kd5 1-0

[Event "Salamanca Uni Masters"]
[Site "Salamanca ESP"]
[Date "2022.10.29"]
[Round "7.3"]
[White "Vincent Keymer"]
[Black "Gata Kamsky"]
[Result "1/2-1/2"]
[EventDate "2022.10.26"]
[WhiteElo "2700"]
[BlackElo "2666"]
[PlyCount "74"]

1. Nf3 f5 2. d4 Nf6 3. c4 d6 4. Nc3 g6 5. e3 Bg7 6. b4 O-O 7. Bb2 Nc6 8. b5 Na5 9. Be2 a6 10. a4 c5 11. O-O cxd4 12. Nxd4 Bd7 13. Rc1 Rc8 14. Nd5 Ne4 15. Ba3 e6 16. Nc3 Nc5 17. Bb4 e5 18. Nf3 Nab3 19. Rb1 a5 20. Ba3 e4 21. Rxb3 Nxb3 22. Qxb3 exf3 23. c5+ Kh8 24. Bxf3 dxc5 25. Bxb7 Rb8 26. Bf3 f4 27. Bxc5 fxe3 28. fxe3 Rf5 29. Ne4 Rc8 30. Bd4 Bxd4 31. exd4 Bxb5 32. axb5 Qxd4+ 33. Nf2 Rb8 34. Be2 Rbf8 35. Bf3 Rb8 36. Be2 Rbf8 37. Bf3 1/2-1/2

[Event "Salamanca Uni Masters"]
[Site "Salamanca ESP"]
[Date "2022.10.28"]
[Round "4.1"]
[White "Veselin Topalov"]
[Black "Vincent Keymer"]
[Result "0-1"]
[EventDate "2022.10.26"]
[WhiteElo "2728"]
[BlackElo "2700"]
[PlyCount "84"]

1. e4 e5 2. Nf3 Nc6 3. Bc4 Nf6 4. d3 Bc5 5. Nc3 h6 6. O-O O-O 7. h3 a6 8. a4 d6 9. Be3 Bxe3 10. fxe3 Be6 11. b3 Ne7 12. a5 Ng6 13. Bxe6 fxe6 14. d4 Qe8 15. d5 c6 16. dxe6 Qxe6 17. Qd3 Rad8 18. Nd2 Ne7 19. Na4 Nc8 20. b4 Kh8 21. c4 Qe8 22. Rab1 Ne7 23. b5 cxb5 24. cxb5 d5 25. Nc5 dxe4 26. Qe2 Ned5 27. Rfc1 axb5 28. Nxb7 Rc8 29. Rxc8 Qxc8 30. Nd6 Nc3 31. Qxb5 Qe6 32. Qb3 Nfd5 33. N6c4 Nxb1 34. Qxb1 Nc3 35. Qa1 Ne2+ 36. Kh2 Qg6 37. Qe1 Nc3 38. Nxe5 Qe6 39. Ndc4 Nd5 40. Qd2 Ne7 41. Qd4 Ng6 42. Qc5 Rf2 0-1

[Event "Salamanca Uni Masters"]
[Site "Salamanca ESP"]
[Date "2022.10.28"]
[Round "5.4"]
[White "Vincent Keymer"]
[Black "Monika Socko"]
[Result "1-0"]
[EventDate "2022.10.26"]
[WhiteElo "2700"]
[BlackElo "2454"]
[PlyCount "102"]

1. c4 e5 2. d3 d6 3. Nf3 f5 4. b4 Nf6 5. Bb2 Be7 6. g3 O-O 7. Bg2 a5 8. b5 c6 9. Nc3 Kh8 10. O-O Be6 11. bxc6 Nxc6 12. Rb1 Qd7 13. e3 Rae8 14. Ne2 Rc8 15. a3 Rfd8 16. Nc3 d5 17. Na4 Qc7 18. c5 Nd7 19. Rc1 Bf6 20. h4 b5 21. cxb6 Nxb6 22. Bxe5 Bxe5 23. Nxe5 Nxa4 24. Nxc6 Rd6 25. Qxa4 Rxc6 26. Rxc6 Qxc6 27. Qxa5 h6 28. d4 Rb8 29. Qc5 Qd7 30. Rc1 Ra8 31. Qc6 Rxa3 32. Qxd7 Bxd7 33. Bxd5 Ra7 34. h5 g5 35. hxg6 Kg7 36. Bf7 Bb5 37. Kg2 Bd3 38. Kf3 Be4+ 39. Kf4 Rb7 40. f3 Bd3 41. Rc3 Bb1 42. e4 fxe4 43. fxe4 Rb4 44. Ke5 Rb7 45. d5 Re7+ 46. Be6 Re8 47. Rc8 Rxc8 48. Bxc8 Kxg6 49. Be6 Kg7 50. d6 Kf8 51. Kf6 1-0

[Event "Salamanca Uni Masters"]
[Site "Salamanca ESP"]
[Date "2022.10.27"]
[Round "3.4"]
[White "Vega Gutierrez, Sabrina"]
[Black "Vincent Keymer"]
[Result "1-0"]
[EventDate "2022.10.26"]
[WhiteElo "2361"]
[BlackElo "2700"]
[PlyCount "132"]

1. e4 c5 2. Nf3 d6 3. d4 cxd4 4. Nxd4 Nf6 5. Nc3 a6 6. Bd3 Nbd7 7. a4 g6 8. O-O Bg7 9. Be3 O-O 10. a5 Ne5 11. h3 Bd7 12. f4 Nxd3 13. cxd3 e5 14. Nde2 Bc6 15. Qd2 Re8 16. f5 d5 17. exd5 Nxd5 18. Nxd5 Qxd5 19. Nc3 Qd7 20. Bh6 f6 21. Bxg7 Kxg7 22. fxg6 hxg6 23. Rae1 Rad8 24. Qf2 f5 25. Qg3 f4 26. Qg5 Qf5 27. Qxf5 gxf5 28. Rd1 Kf6 29. Rf2 Rg8 30. Kh2 Rd7 31. d4 Rxd4 32. Rxd4 exd4 33. Ne2 d3 34. Nxf4 Be4 35. Rd2 Rc8 36. Kg3 Rc2 37. Rxc2 dxc2 38. Ne2 Ke5 39. Kf2 f4 40. g4 fxg3+ 41. Kxg3 Bg6 42. Kf2 Bh5 43. Nc1 Ke4 44. Ke1 Ke3 45. h4 Bf7 46. Ne2 Be8 47. Nc1 Bg6 48. Nb3 Kd3 49. Nc1+ Kc4 50. Kd2 Kb4 51. Ne2 Kxa5 52. Nf4 Be4 53. h5 Kb4 54. h6 Kb3 55. Kc1 a5 56. Ne6 Ka2 57. Nc5 Bh7 58. Nxb7 a4 59. Nc5 Bg6 60. Nxa4 Kb3 61. Nb6 Kb4 62. Nd7 Bf5 63. Nf6 Kc4 64. h7 Bxh7 65. Nxh7 Kd3 66. Ng5 1-0

[Event "Salamanca Uni Masters"]
[Site "Salamanca ESP"]
[Date "2022.10.26"]
[Round "1.3"]
[White "Santos Latasa, Jaime"]
[Black "Vincent Keymer"]
[Result "1/2-1/2"]
[EventDate "2022.10.26"]
[WhiteElo "2677"]
[BlackElo "2700"]
[PlyCount "56"]

1. e4 e5 2. Nf3 Nc6 3. Bb5 a6 4. Ba4 Nf6 5. O-O Be7 6. Re1 b5 7. Bb3 O-O 8. h3 Bb7 9. d3 d5 10. exd5 Nxd5 11. a4 Qd7 12. axb5 axb5 13. Rxa8 Rxa8 14. Nc3 Nxc3 15. bxc3 h6 16. Be3 Bf6 17. Nd2 Na5 18. Ba2 Nc4 19. Bxc4 bxc4 20. Nxc4 Qc6 21. f3 Ba6 22. Nd2 Bh4 23. Bf2 Bxf2+ 24. Kxf2 Qxc3 25. Nb3 Bc8 26. Qd2 Qxd2+ 27. Nxd2 f6 28. Ke3 1/2-1/2

[Event "Salamanca Uni Masters"]
[Site "Salamanca ESP"]
[Date "2022.10.26"]
[Round "2.2"]
[White "Vincent Keymer"]
[Black "Ticia Gara"]
[Result "1/2-1/2"]
[EventDate "2022.10.26"]
[WhiteElo "2700"]
[BlackElo "2333"]
[PlyCount "60"]

1. Nf3 c5 2. g3 g6 3. Bg2 Bg7 4. c4 Nc6 5. Nc3 d6 6. O-O e6 7. e3 Nge7 8. d4 O-O 9. d5 Na5 10. Nd2 a6 11. Rb1 exd5 12. Nxd5 Nxd5 13. cxd5 b5 14. b4 Nb7 15. Nb3 Re8 16. e4 f5 17. bxc5 Nxc5 18. Nxc5 dxc5 19. Be3 fxe4 20. Bxc5 Bf5 21. Rc1 Rc8 22. Qd2 Re5 23. Be3 Rxc1 24. Qxc1 Rxd5 25. Qc6 Rd6 26. Qc2 Rd3 27. Qc6 Rd6 28. Qc2 Rd3 29. Qc6 Rd6 30. Qc2 1/2-1/2

[Event "Aimchess Meltwater Champions"]
[Site "chess24.com INT"]
[Date "2022.10.17"]
[Round "13.4"]
[White "D Gukesh"]
[Black "Vincent Keymer"]
[Result "0-1"]
[EventDate "2022.10.14"]
[WhiteElo "2732"]
[BlackElo "2700"]
[PlyCount "64"]

1. d4 Nf6 2. c4 e6 3. Bf4 Bb4+ 4. Nd2 c5 5. Nf3 cxd4 6. a3 Bxd2+ 7. Bxd2 Nc6 8. b4 Ne4 9. b5 Nxd2 10. Qxd2 Na5 11. Qb4 b6 12. Nxd4 Bb7 13. e3 Rc8 14. f3 Qh4+ 15. g3 Qf6 16. Bd3 e5 17. Nf5 e4 18. Nd6+ Kd8 19. O-O exd3 20. Nxc8 Bxc8 21. Rad1 Qe7 22. Qc3 Qxe3+ 23. Kh1 f6 24. Rxd3 Qe5 25. Qd2 Re8 26. Rd1 Re7 27. c5 Nc4 28. Qc1 Qxc5 29. Rc3 Bb7 30. Qf4 Qf2 31. Qb8+ Bc8 32. Rcd3 Re1+ 0-1

[Event "Aimchess Meltwater Champions"]
[Site "chess24.com INT"]
[Date "2022.10.17"]
[Round "15.5"]
[White "Nodirbek Abdusattorov"]
[Black "Vincent Keymer"]
[Result "0-1"]
[EventDate "2022.10.14"]
[WhiteElo "2713"]
[BlackElo "2700"]
[PlyCount "46"]

1. d4 Nf6 2. c4 e6 3. Nc3 Bb4 4. a3 Bxc3+ 5. bxc3 c5 6. e3 b6 7. Bd3 Bb7 8. Ne2 Bxg2 9. Rg1 Be4 10. Ng3 Bxd3 11. Qxd3 d5 12. e4 dxc4 13. Qxc4 Nc6 14. Bg5 h6 15. Bxf6 Qxf6 16. Kf1 O-O 17. Nh5 Qh4 18. Rxg7+ Kh8 19. Qe2 Rg8 20. Rg3 cxd4 21. cxd4 Nxd4 22. Qe3 Qxh5 23. Rh3 Qb5+ 0-1

[Event "Aimchess Meltwater Champions"]
[Site "chess24.com INT"]
[Date "2022.10.17"]
[Round "14.5"]
[White "Vincent Keymer"]
[Black "Pentala Harikrishna"]
[Result "1/2-1/2"]
[EventDate "2022.10.14"]
[WhiteElo "2700"]
[BlackElo "2717"]
[PlyCount "88"]

1. d4 Nf6 2. c4 e6 3. Nf3 d5 4. Nc3 Bb4 5. e3 O-O 6. Bd2 Nbd7 7. Rc1 c6 8. Bd3 Qe7 9. Ne2 e5 10. Bxb4 Qxb4+ 11. Qd2 Qe7 12. dxe5 Nxe5 13. Nxe5 Qxe5 14. O-O dxc4 15. Bxc4 c5 16. Rfd1 Bd7 17. Qc3 Qxc3 18. Nxc3 Rfd8 19. Nd5 b6 20. Nc7 Rac8 21. Nb5 Bxb5 22. Bxb5 Kf8 23. f3 Nd5 24. Kf2 Ke7 25. h4 h6 26. Bc4 Nc7 27. f4 b5 28. Be2 Rxd1 29. Rxd1 Rd8 30. Rxd8 Kxd8 31. e4 f6 32. Ke3 Ke7 33. e5 fxe5 34. fxe5 a6 35. Ke4 Kf7 36. g3 Ke7 37. b3 Kf7 38. Bf3 Ke7 39. Bh5 Ke6 40. Be2 Ke7 41. Bf3 Ke6 42. Bh5 Ke7 43. Bg4 Kf7 44. Be2 1/2-1/2

[Event "Aimchess Meltwater Champions"]
[Site "chess24.com INT"]
[Date "2022.10.16"]
[Round "9"]
[White "R Rapport"]
[Black "Vincent Keymer"]
[Result "1-0"]
[EventDate "2022.10.14"]
[WhiteElo "2754"]
[BlackElo "2700"]
[PlyCount "56"]

1. e4 c5 2. Nc3 d6 3. Bc4 a6 4. a3 e6 5. Ba2 b5 6. d3 Nc6 7. f4 Qh4+ 8. g3 Qd8 9. Nf3 Nf6 10. h3 Be7 11. g4 Nd4 12. g5 Nd7 13. h4 Bb7 14. Be3 Nxf3+ 15. Qxf3 Qc7 16. f5 Ne5 17. Qh3 b4 18. Ne2 exf5 19. exf5 c4 20. d4 bxa3 21. dxe5 axb2 22. Rd1 Qa5+ 23. Kf2 Qxa2 24. f6 Rb8 25. exd6 O-O 26. fxe7 Bxh1 27. exf8=R+ Kxf8 28. d7 1-0

[Event "Aimchess Meltwater Champions"]
[Site "chess24.com INT"]
[Date "2022.10.16"]
[Round "10"]
[White "Vincent Keymer"]
[Black "Anton Guijarro,D"]
[Result "0-1"]
[EventDate "2022.10.14"]
[WhiteElo "2700"]
[BlackElo "2655"]
[PlyCount "96"]

1. Nf3 d5 2. e3 c5 3. b3 Nc6 4. Bb2 a6 5. g3 Nf6 6. Bg2 g6 7. Bxf6 exf6 8. O-O Be6 9. d4 cxd4 10. Nxd4 Bg7 11. Nxe6 fxe6 12. Nd2 f5 13. Rc1 Bb2 14. Rb1 Bc3 15. b4 O-O 16. a3 Ne5 17. Nb3 b6 18. Nd4 Bxd4 19. exd4 Nc4 20. Re1 Qf6 21. Rb3 b5 22. Bf1 Nd6 23. Rbe3 Rfe8 24. c3 Ne4 25. Bg2 Rad8 26. a4 Kg7 27. axb5 axb5 28. Qe2 e5 29. Qxb5 exd4 30. cxd4 Qxd4 31. Qb7+ Kh6 32. Bxe4 dxe4 33. b5 Qc5 34. Rb1 Rd2 35. b6 Rxf2 36. Kxf2 Qc2+ 37. Re2 e3+ 38. Kf3 Qxb1 39. Kg2 Qb5 40. Kf3 Qa4 41. Kg2 Qb5 42. Kf3 Qc4 43. h3 Rb8 44. Qe7 Qc6+ 45. Kf4 Re8 46. Qxe8 Qxe8 47. Rxe3 Qb8+ 48. Kf3 Qxb6 0-1